Key issues in hunter-gatherer research / (Record no. 23823)
[ view plain ]
| 000 -LEADER | |
|---|---|
| fixed length control field | 01275cam a2200301 a 4500 |
| 001 - CONTROL NUMBER | |
| control field | 2523187 |
| 003 - CONTROL NUMBER IDENTIFIER | |
| control field | OSt |
| 005 - DATE AND TIME OF LATEST TRANSACTION | |
| control field | 20201019112643.0 |
| 008 - FIXED-LENGTH DATA ELEMENTS--GENERAL INFORMATION | |
| fixed length control field | 930106s1994 enkab b 001 0 eng |
| 010 ## - LIBRARY OF CONGRESS CONTROL NUMBER | |
| LC control number | 93018011 |
| 020 ## - INTERNATIONAL STANDARD BOOK NUMBER | |
| International Standard Book Number | 0854963766 |
| 040 ## - CATALOGING SOURCE | |
| Original cataloging agency | MMU |
| Transcribing agency | MMU |
| Modifying agency | MMU |
| Language of cataloging | Eng |
| 050 00 - LIBRARY OF CONGRESS CALL NUMBER | |
| Classification number | GN388 |
| Item number | .K49 1994 |
| 082 00 - DEWEY DECIMAL CLASSIFICATION NUMBER | |
| Classification number | 306.3 |
| Edition number | 20 |
| 245 00 - TITLE STATEMENT | |
| Title | Key issues in hunter-gatherer research / |
| Statement of responsibility, etc. | edited by Ernest S. Burch, Jr. and Linda J. Ellanna. |
| 260 ## - PUBLICATION, DISTRIBUTION, ETC. (IMPRINT) | |
| Place of publication, distribution, etc. | Oxford [England] ; |
| -- | Providence : |
| Name of publisher, distributor, etc. | Berg, |
| Date of publication, distribution, etc. | 1994. |
| 300 ## - PHYSICAL DESCRIPTION | |
| Extent | x, 534 p. : |
| Other physical details | ill., maps ; |
| Dimensions | 23 cm. |
| 440 #0 - SERIES STATEMENT/ADDED ENTRY--TITLE | |
| Title | Explorations in anthropology |
| 504 ## - BIBLIOGRAPHY, ETC. NOTE | |
| Bibliography, etc | Includes bibliographical references (p. 456-503) and indexes. |
| 650 #0 - SUBJECT ADDED ENTRY--TOPICAL TERM | |
| Topical term or geographic name as entry element | Hunting and gathering societies. |
| 700 1# - ADDED ENTRY--PERSONAL NAME | |
| Personal name | Burch, Ernest S., |
| Dates associated with a name | 1938- |
| 700 1# - ADDED ENTRY--PERSONAL NAME | |
| Personal name | Ellanna, Linda J. |
| 856 42 - ELECTRONIC LOCATION AND ACCESS | |
| Materials specified | Contributor biographical information |
| Uniform Resource Identifier | <a href="http://www.loc.gov/catdir/enhancements/fy0601/93018011-b.html">http://www.loc.gov/catdir/enhancements/fy0601/93018011-b.html</a> |
| 856 42 - ELECTRONIC LOCATION AND ACCESS | |
| Materials specified | Publisher description |
| Uniform Resource Identifier | <a href="http://www.loc.gov/catdir/enhancements/fy0601/93018011-d.html">http://www.loc.gov/catdir/enhancements/fy0601/93018011-d.html</a> |
| 856 41 - ELECTRONIC LOCATION AND ACCESS | |
| Materials specified | Table of contents only |
| Uniform Resource Identifier | <a href="http://www.loc.gov/catdir/enhancements/fy0601/93018011-t.html">http://www.loc.gov/catdir/enhancements/fy0601/93018011-t.html</a> |
| 942 ## - ADDED ENTRY ELEMENTS (KOHA) | |
| Source of classification or shelving scheme | Library of Congress Classification |
| Koha item type | L |
| Withdrawn status | Lost status | Source of classification or shelving scheme | Damaged status | Not for loan | Home library | Current library | Date acquired | Source of acquisition | Total Checkouts | Full call number | Barcode | Date last seen | Price effective from | Koha item type |
|---|---|---|---|---|---|---|---|---|---|---|---|---|---|---|
| Library of Congress Classification | Maasai Mara University Library -Main Campus | Maasai Mara University Library -Main Campus | 03/01/2017 | Donation- T4C | GN388.K49 1993 | 17025140 | 03/01/2017 | 03/01/2017 | L |